MARC details
| 000 -LEADER |
| fixed length control field |
01868cam a22003615a 4500 |
| 001 - CONTROL NUMBER |
| control field |
ssj0000074983 |
| 003 - CONTROL NUMBER IDENTIFIER |
| control field |
OSt |
| 005 - DATE AND TIME OF LATEST TRANSACTION |
| control field |
20180509153644.0 |
| 008 - FIXED-LENGTH DATA ELEMENTS--GENERAL INFORMATION |
| fixed length control field |
070420s2006 ii a fr 001 0 eng d |
| 020 ## - INTERNATIONAL STANDARD BOOK NUMBER |
| International Standard Book Number |
8181284410 |
| 020 ## - INTERNATIONAL STANDARD BOOK NUMBER |
| International Standard Book Number |
9788181284419 |
| 040 ## - CATALOGING SOURCE |
| Original cataloging agency |
CaPaEBR |
| Transcribing agency |
CaPaEBR |
| Modifying agency |
WaSeSS |
| Language of cataloging |
eng |
| Modifying agency |
EG-ScBUE |
| 082 04 - DEWEY DECIMAL CLASSIFICATION NUMBER |
| Classification number |
006.696 |
| Edition number |
22 |
| Item number |
FOU |
| 245 00 - TITLE STATEMENT |
| Title |
Foundation ActionScript for Flash 8 / |
| Statement of responsibility, etc |
Kristian Besley ... [et al.] |
| 260 ## - PUBLICATION, DISTRIBUTION, ETC. (IMPRINT) |
| Place of publication, distribution, etc |
New Delhi : |
| Name of publisher, distributor, etc |
Distributed to the book trade worldwide by Springer-Verlag, |
| Date of publication, distribution, etc |
2006. |
| 300 ## - PHYSICAL DESCRIPTION |
| Extent |
xxiii, 623 p. : |
| Other physical details |
ill. ; |
| Dimensions |
24 cm. |
| 500 ## - GENERAL NOTE |
| General note |
Includes index. |
| 506 ## - RESTRICTIONS ON ACCESS NOTE |
| Terms governing access |
Available on campus and off campus with authorized login. |
| 630 #7 - SUBJECT ADDED ENTRY--UNIFORM TITLE |
| Uniform title |
Flash (Computer file) |
| 9 (RLIN) |
12792 |
| 650 #7 - SUBJECT ADDED ENTRY--TOPICAL TERM |
| Topical term or geographic name as entry element |
ActionScript (Computer program language) |
| Source of heading or term |
BUEsh |
| 9 (RLIN) |
18089 |
| 650 #7 - SUBJECT ADDED ENTRY--TOPICAL TERM |
| Topical term or geographic name as entry element |
Computer animation. |
| Source of heading or term |
BUEsh |
| 9 (RLIN) |
5825 |
| 653 ## - INDEX TERM--UNCONTROLLED |
| Resource For college |
Informatics and Computer Science |
| Arrived date list |
May2018 |
| 700 1# - ADDED ENTRY--PERSONAL NAME |
| Personal name |
Besley, Kristian. |
| 856 40 - ELECTRONIC LOCATION AND ACCESS |
| Host name |
SOUTHEAST |
| Uniform Resource Identifier |
<a href="http://BZ6FJ9FL8E.search.serialssolutions.com/?V=1.0&L=BZ6FJ9FL8E&S=JCs&C=TC0000074983&T=marc">http://BZ6FJ9FL8E.search.serialssolutions.com/?V=1.0&L=BZ6FJ9FL8E&S=JCs&C=TC0000074983&T=marc</a> |
| 856 40 - ELECTRONIC LOCATION AND ACCESS |
| Host name |
BLOOMINGTON |
| Uniform Resource Identifier |
<a href="http://KG6EK7CQ2B.search.serialssolutions.com/?V=1.0&L=KG6EK7CQ2B&S=JCs&C=TC0000074983&T=marc">http://KG6EK7CQ2B.search.serialssolutions.com/?V=1.0&L=KG6EK7CQ2B&S=JCs&C=TC0000074983&T=marc</a> |
| 856 40 - ELECTRONIC LOCATION AND ACCESS |
| Host name |
EAST |
| Uniform Resource Identifier |
<a href="http://MN3KU4AR6Y.search.serialssolutions.com/?V=1.0&L=MN3KU4AR6Y&S=JCs&C=TC0000074983&T=marc">http://MN3KU4AR6Y.search.serialssolutions.com/?V=1.0&L=MN3KU4AR6Y&S=JCs&C=TC0000074983&T=marc</a> |
| 856 40 - ELECTRONIC LOCATION AND ACCESS |
| Host name |
NORTHWEST |
| Uniform Resource Identifier |
<a href="http://PS6EE4GK2T.search.serialssolutions.com/?V=1.0&L=PS6EE4GK2T&S=JCs&C=TC0000074983&T=marc">http://PS6EE4GK2T.search.serialssolutions.com/?V=1.0&L=PS6EE4GK2T&S=JCs&C=TC0000074983&T=marc</a> |
| 856 40 - ELECTRONIC LOCATION AND ACCESS |
| Host name |
IUPUI |
| Uniform Resource Identifier |
<a href="http://RX8KL6YF4X.search.serialssolutions.com/?V=1.0&L=RX8KL6YF4X&S=JCs&C=TC0000074983&T=marc">http://RX8KL6YF4X.search.serialssolutions.com/?V=1.0&L=RX8KL6YF4X&S=JCs&C=TC0000074983&T=marc</a> |
| 856 40 - ELECTRONIC LOCATION AND ACCESS |
| Host name |
KOKOMO |
| Uniform Resource Identifier |
<a href="http://TE6UZ4HK6Z.search.serialssolutions.com/?V=1.0&L=TE6UZ4HK6Z&S=JCs&C=TC0000074983&T=marc">http://TE6UZ4HK6Z.search.serialssolutions.com/?V=1.0&L=TE6UZ4HK6Z&S=JCs&C=TC0000074983&T=marc</a> |
| 856 40 - ELECTRONIC LOCATION AND ACCESS |
| Host name |
SOUTH BEND |
| Uniform Resource Identifier |
<a href="http://TT5XG8QF8P.search.serialssolutions.com/?V=1.0&L=TT5XG8QF8P&S=JCs&C=TC0000074983&T=marc">http://TT5XG8QF8P.search.serialssolutions.com/?V=1.0&L=TT5XG8QF8P&S=JCs&C=TC0000074983&T=marc</a> |
| 856 40 - ELECTRONIC LOCATION AND ACCESS |
| Host name |
COLUMBUS |
| Uniform Resource Identifier |
<a href="http://RX8KL6YF4X.search.serialssolutions.com/?V=1.0&L=RX8KL6YF4X&S=JCs&C=TC0000074983&T=marc">http://RX8KL6YF4X.search.serialssolutions.com/?V=1.0&L=RX8KL6YF4X&S=JCs&C=TC0000074983&T=marc</a> |
| 942 ## - ADDED ENTRY ELEMENTS (KOHA) |
| Source of classification or shelving scheme |
Dewey Decimal Classification |